Statistics for 1910s General Knowledge

Click here to take the quiz!

General Stats

  • This quiz has been taken 14,941 times
  • The average score is 12 of 20

Answer Stats

Question Answer % Correct
What ship famously sank after hitting an iceberg?RMS Titanic
100%
What canal was completed in 1914?Panama Canal
94%
Who was assassinated in Sarajevo?Franz Ferdinand
80%
What treaty officially ended WWI between Germany and the Allies?Treaty of {Versailles}
80%
What Frenchwoman won a Nobel Prize for chemistry?Marie Curie
79%
What epidemic killed more than 3% of the world's population?Spanish Flu
76%
What yellow-brown chemical weapon was used?Mustard Gas
68%
What was the nickname of pilot Manfred von Richthofen?The Red Baron
66%
What "lost" city of the Incas was rediscovered?Machu Picchu
62%
Who was President of the United States for most of the decade?Woodrow Wilson
60%
What oil baron became the first dollar billionaire?John D. Rockefeller
57%
What communist faction came to power in Russia?Bolshevik
56%
What British adventurer fought in the Arab Revolt?T.E. Lawrence
56%
What group of people were the victims of genocide in the Ottoman Empire?Armenians
55%
What movie by D.W. Griffith glorified the Ku Klux Klan?The Birth of a {Nation}
49%
What playwright wrote "Pygmalion"?George Bernard Shaw
33%
What illegal practice was advocated by Margaret Sanger?Birth Control
26%
What song featured the lyrics "from glen to glen, and down the mountain side"?Danny Boy
26%
What ballet by Igor Stravinsky shocked audiences when it premiered in 1913?The Rite of {Spring}
25%
What Native American athlete won gold medals in the decathlon and pentathlon?Jim Thorpe
20%

Score Distribution

Percentile by Number Answered

Percent of People with Each Score

Your Score History

You have not taken this quiz